000
00227nmm a2200085Ia 4500
008
220120s9999||||xx |||||||||||||||||und||
100
_a
EFY August 2010
_9
11235
245
0
_a
PCB design tools, circuits, e-books
260
_a
EFY press
999
_c
139560
_d
139560